000 00703nam a22002177a 4500
005 20251108171249.0
008 250721s9999 xx 000 0 ara d
082 1 4 _aم/796.09/فان
100 1 _aفان دالين، ديوبولدب
245 1 0 _aتاريخ التربية البدنية /
264 1 _aالقاهره :
_bدار الفكر العربي،
_c[19-].
300 _a1041ص
650 1 7 _aالتربية البدنية
650 1 7 _aالتاريخ
700 1 _aميتشل، ألمر د.
700 1 _aبنيت، بروس ل.
700 1 _aعلام، محمد عبد الخالق
_eترجمة
700 1 _aفضائي، محمد محمد
942 _2ddc
_cREF
999 _c60804
_d60804